Statistiken für Länder mit Amtssprache Arabisch

Klicken Sie hier um das Quiz zu spielen!

Allgemein

  • Dieses Quiz wurde 476 mal gespielt
  • Das Durchschnittsergebnis liegt bei 21 aus 24

Antwortstatistiken

Länder% Korrekt
Ägypten
97%
Jemen
96%
Irak
95%
Oman
95%
Syrien
95%
Algerien
94%
Marokko
94%
Saudi-Arabien
94%
Katar
93%
Jordanien
92%
Tunesien
92%
Libanon
91%
Libyen
90%
Sudan
89%
Vereinigte Arabische Emirate
89%
Kuwait
88%
Bahrain
84%
Israel
81%
Somalia
80%
Mauretanien
77%
Tschad
75%
Eritrea
71%
Dschibuti
67%
Komoren
45%

Verteilung der Resultate

Perzentil nach korrekt beantworteten Fragen

Anzahl Personen mit jedem Resultat

Ihre Resultats-Entwicklung

Sie haben dieses Quiz noch nicht gespielt